000 00291nam a22001337a 4500
008 170228b xxu||||| |||| 00| 0 eng d
020 _a9780077525880
041 _aeng
080 _25TH
_a618.2
100 _a2
101 _aINF
245 _aMEDICAL ASSISTING
_cBOOTH, K.A
942 _2udc
_cBK
999 _c6381
_d6381